000 03458nam a2200349 i 4500
001 768714001
003 CO-MdFUSB
005 20220714164906.0
007 ta
008 220527t1967 sp |||| |||| 00| 0 spa d
020 _a8475301347
040 _aCO-MdFUSB
_bspa
_cCO-MdFUSB
_dCO-MdFUSBC
_erda
041 _aspa
_heng
082 _223
_a839.693
_bP925
100 _aHalldór, Laxness,
_eautor
240 _aParadísarheimt.
245 4 _aParaíso reclamado
_c/ Laxness Halldór ; traducido por Rodolfo Arévalo
264 1 _aEspaña :
_bEdiciones Orbis,
_c[1967]
264 4 _c© 1967
300 _a268 páginas
_c; 20 cm
336 _2rdacontent
_atexto
_btxt
337 _2rdamedia
_asin mediación
_bn
338 _2rdacarrier
_avolumen
_bnc
490 _aLos Premios Nobel,
500 _aGanador del Nobel en 1955
520 _aGanador del Nobel en 1955, el nombre del autor no es tan conocido en la actualidad, pues su obra no es fácil de conseguir, aunque no imposible. Y precisamente Paraíso reclamado es una de las obras que el lector puede encontrar en alguna librería de viejo, en la colección «Los Premios Nobel» de Orbis. Ambientada en la Islandia rural del siglo XIX, tiene como protagonista a Steinar, un granjero que vive una vida apacible al lado de su esposa y sus dos hijos. La vida de las familias en esa región transcurre en calma y el trabajo es acaso la única forma de entretenimiento. Sin embargo, la tranquilidad de Steinar y de los suyos comienza a tambalearse cuando aparece un poni blanco en sus vidas: algunos pudientes comienzan a codiciarlo y le hacen ofrecimientos que el granjero rechaza porque el caballito es de sus hijos. Cierto día se anuncia la visita del rey de Dinamarca a Islandia –que entonces no era independiente– y a Steinar se le ocurre hacerle un regalo. Un regalo que cambiará la vida de su familia. Lo anterior influye en el devenir de los días del granjero, aunado a la llegada a Islandia de Didrik, un líder mormón que habla de esa religión, con la firme intención de atraer a nuevos creyentes. Ambos hombres sostienen diversos encuentros aparentemente casuales. Como resultado de ello, Steinar decide abandonar a su familia, su granja e Islandia: emprende un viaje a Estados Unidos en busca del paraíso que Didrik le prometió que encontraría en la comunidad de los mormones, en la Tierra Prometida de Utah. A partir de ese momento, la familia del granjero comienza a experimentar desgracias, cambios radicales en sus vidas que poco a poco traza Laxness, con la paciencia de un viejo que cuenta una historia. En la narrativa del islandés sobresale el respeto de la gente a la naturaleza, la convivencia mutua. Como en La bendición de la tierra, del noruego Knut Hamsun, esa relación hombre-tierra puede parecer noble, pero aun así conlleva una posibilidad de desatar conflictos. En Paraíso reclamado no faltan precisamente los conflictos: hay personajes oscuros que pasan sobre otros habitantes que, en cierta forma, son regidos por lo que pareciera ser una ingenuidad que deviene en sacrificio. La lectura de esta novela es una oportunidad para que el lector se acerque a una sociedad que aparentemente nos es remota, de la mano del magistral estilo del casi olvidado Halldór Laxness.
653 _aLiteratura Islandesa.
653 _aFicción Islandesa.
700 _96586
_aArévalo, Rodolfo
_etraductor
942 _cBK
945 _aJTF-925
999 _c67914
_d67914